| 000 | 00346nam a22001457a 4500 | ||
|---|---|---|---|
| 003 | SGT | ||
| 082 | _a302.23072,BRE | ||
| 100 | _aBRENNEN,BONNIE | ||
| 245 | _aQUALITATIVE RESEARCH METHODS FOR MEDIA STUDIES | ||
| 260 |
_aNEW YORK _bROUTLEDGE _c2013 |
||
| 300 | _a238 | ||
| 650 | _aMEDIA STUDIES | ||
| 653 | _aQUALITATIVE RESEARCH | ||
| 942 |
_2ddc _cBK |
||
| 999 |
_c8841 _d8841 |
||